00322nam a22000977a 4500008004100000082001600041100003100057245007000088260004600158300002000204230621b xxu||||| |||| 00| 0 eng d a328.35bIPC cInterparliamentary Council aSummary Records of the Inter- parliamentary Council 155th Session aDenmarkbInter parliamentary Union c1994 avarious panging